Cyclisme : Vainqueurs du Tour de Romandie - Statistiques

Statistiques générales
  • Ce quiz a été pris 14 fois
  • Le résultat moyen est 18 sur 78
Statistiques - réponses
Année Vainqueur % Correct
2014 Christopher Froome
92%
2013 Christopher Froome
92%
2021 Geraint Thomas
92%
2025 João Almeida
92%
2019 Primož Roglič
83%
2018 Primož Roglič
83%
2016 Nairo Quintana
75%
1980 Bernard Hinault
67%
1968 Eddy Merckx
67%
2023 Adam Yates
58%
1999 Laurent Jalabert
58%
1995 Tony Rominger
50%
1991 Tony Rominger
50%
2022 Aleksandr Vlasov
42%
2012 Bradley Wiggins
42%
2011 Cadel Evans
42%
2006 Cadel Evans
42%
2024 Carlos Rodríguez
42%
2017 Richie Porte
42%
1987 Stephen Roche
42%
1984 Stephen Roche
42%
1983 Stephen Roche
42%
1951 Ferdi Kübler
33%
1948 Ferdi Kübler
33%
1953 Hugo Koblet
33%
2015 Ilnur Zakarin
33%
2009 Roman Kreuziger
33%
2010 Simon Špilak
33%
1972 Bernard Thévenet
25%
1949 Gino Bartali
25%
1974 Joop Zoetemelk
25%
1998 Laurent Dufaux
25%
2008 Andreas Klöden
17%
1969 Felice Gimondi
17%
1979 Giuseppe Saronni
17%
1956 Pasquale Fornara
17%
1996 Abraham Olano
8%
2004 Tyler Hamilton
8%
1990 Charly Mottet
8%
2002 Dario Frigo
8%
2001 Dario Frigo
8%
2000 Paolo Savoldelli
8%
1994 Pascal Richard
8%
1993 Pascal Richard
8%
1997 Pavel Tonkov
8%
2005 Santiago Botero
8%
2003 Tyler Hamilton
8%
1992 Andrew Hampsten
0%
1986 Claude Criquielion
0%
1947 Désiré Keteleer
0%
1950 Édouard Fachleitner
0%
1975 Francisco Galdós
0%
1988 Gerard Veldscholten
0%
1977 Gianbattista Baronchelli
0%
1971 Gianni Motta
0%
1966 Gianni Motta
0%
1958 Gilbert Bauvin
0%
1970 Gösta Pettersson
0%
1962 Guido De Rosso
0%
1957 Jean Forestier
0%
1954 Jean Forestier
0%
1976 Johan De Muynck
0%
1978 Johan van der Velde
0%
1985 Jörg Müller
0%
1982 Jostein Wilmann
0%
1959 Kurt Gimmi
0%
1961 Louis Rostollan
0%
1960 Louis Rostollan
0%
1989 Phil Anderson
0%
1955 René Strehler
0%
1964 Rolf Maurer
0%
2007 Thomas Dekker
0%
1981 Tommy Prim
0%
1967 Vittorio Adorni
0%
1965 Vittorio Adorni
0%
1973 Wilfried David
0%
1963 Willy Bocklant
0%
1952 Wout Wagtmans
0%
Aucun quiz correspondant
Distribution des résultats
% des personnes avec chaque résultat
Percentile par nombre de réponses
Votre historique - résultats
Vous n’avez pas pris ce quiz